Πήλινες διακοσμημένες κεραμώσεις από τη Μακεδονία
Αποθηκεύτηκε σε:
| Κύριος συγγραφέας: | |
|---|---|
| Συγγραφή απο Οργανισμό/Αρχή: | |
| Μορφή: | Βιβλίο |
| Γλώσσα: | Greek |
| Δημοσίευση: |
Αθήνα :
Ταμείο Αρχαιολογικών Πόρων και Απαλλοτριώσεων,
1988
|
| Σειρά: | Δημοσιεύματα του αρχαιολογικού δελτίου ;
; 37 |
| Θέματα: | |
| Ετικέτες: |
Προσθήκη ετικέτας
Δεν υπάρχουν, Καταχωρήστε ετικέτα πρώτοι!
|
MARC
| LEADER | 00000cam a2200000 i 4500 | ||
|---|---|---|---|
| 001 | 1/56458 | ||
| 008 | 071001s1988 gre d | ||
| 035 | |l 10091145 | ||
| 040 | |a GR-MY-UA |b gre |e aacr | ||
| 041 | 0 | |a gre |b eng |b fre | |
| 082 | 0 | |a 738.15 |2 (22) | |
| 100 | 1 | |a Καλτσάς, Νίκος Ε. | |
| 245 | 1 | 0 | |a Πήλινες διακοσμημένες κεραμώσεις από τη Μακεδονία / |c Νίκος Ε. Καλτσάς ; Υπουργείο Πολιτισμού |
| 260 | |a Αθήνα : |b Ταμείο Αρχαιολογικών Πόρων και Απαλλοτριώσεων, |c 1988 | ||
| 300 | |a 167 σ.; |b σχ., πιν., εικ.; |c 28 εκ. | ||
| 490 | 1 | |a Δημοσιεύματα του αρχαιολογικού δελτίου |v ; 37 | |
| 500 | |a Περίληψη στα αγγλικά και γαλλικά | ||
| 504 | |a Περιλαμβάνει βιβλιογραφίες και ευρετήριο | ||
| 650 | 0 | 0 | |a Ceramics in architecture |z Greece |z Macedonia. |
| 650 | 0 | |a Terra-cotta |z Greece |z Macedonia. | |
| 650 | 0 | |a Decoration and ornament, Architectural |z Greece |z Macedonia. | |
| 650 | 0 | 0 | |a Temples |z Greece |z Macedonia. |
| 651 | 0 | |a Macedonia (Greece) |x Antiquities. | |
| 710 | 2 | |a Υπουργείο Πολιτισμού. | |
| 830 | 0 | |a Δημοσιεύματα του αρχαιολογικού δελτίου ; |v ; 37 | |
| 852 | |a INST |b RHODES |e 20071001 |h 738.15 ΚΑΛ |p 005400025594 |q 005400025594 |t BK |y 0 | ||
| 901 | |a BIBL4-2007-3 | ||
| 909 | |a Ρ |b 138420 | ||
| 922 | |a 4ΕΛΗ |b 200708 |c ΕΠΕΑΕΚ2/ΤΜΣ |d Σ. ΠΑΤΑΚΗΣ | ||
| 970 | |a ΧΑΡΙΟΠΟΛΙΤΟΥ |b ΚΩΝΣΤΑΝΤΙΝΑ |z 2007/10/01 | ||